[Event "GER-ch48 final email"]
[Site "GER email"]
[Date "2018.09.24"]
[Round "?"]
[White "Franke, Heiko"]
[Black "Hesse, Olaf"]
[Result "1/2-1/2"]
[WhiteElo "2393"]
[BlackElo "2450"]
[PlyCount "116"]
[EventDate "2018.??.??"]
[EventType "tourn (corr)"]
[EventRounds "14"]
[EventCountry "GER"]
[SourceTitle "Corr 2020"]
[Source "ChessBase"]
[SourceDate "2019.09.30"]
[SourceVersion "1"]
[SourceVersionDate "2019.09.30"]
[SourceQuality "1"]

1. e4 c5 2. Nf3 d6 3. d4 cxd4 4. Nxd4 Nf6 5. Nc3 a6 6. Be3 e5 7. Nb3 Ng4 8. Bc1 Nf6 9. Bg5 Be7 10. Bxf6 Bxf6 11. Qd3 Be7 12. 0-0-0 Nc6 13. g3 0-0 14. f4 b5 15. h4 Re8 16. Kb1 b4 17. Nd5 a5 18. Qb5 Bg4 19. Rd2 Bd7 20. Bh3 Bf8 21. Bxd7 Qxd7 22. f5 a4 23. Nc5 Qc8 24. Nd3 b3 25. N3b4 Nxb4 26. Qxb4 bxa2+ 27. Ka1 Qc6 28. g4 Reb8 29. Qc3 Qxc3 30. Nxc3 Rb4 31. Kxa2 Rab8 32. Rb1 d5 33. Rxd5 Rc4 34. Ra5 a3 35. Ra4 Rc7 36. bxa3 Rbc8 37. Nd5 Rxc2+ 38. Rb2 Rc1 39. g5 Rh1 40. Nb6 Rd8 41. Rc2 Rh3 42. Nd5 Rb8 43. Ra7 Rxh4 44. Rac7 Rh3 45. R7c3 Rxc3 46. Rxc3 Ra8 47. Nb6 Ra6 48. Nd7 Ra8 49. Rd3 Be7 50. f6 Bd8 51. Nxe5 gxf6 52. Nc6 Bc7 53. gxf6 h5 54. Rd7 Bf4 55. Rd5 Kh7 56. Rxh5+ Kg6 57. Rd5 Ra6 58. Nb4 Rxf6 1/2-1/2

[Event "GER-ch48 final email"]
[Site "GER email"]
[Date "2018.09.24"]
[Round "?"]
[White "Hanel, Roland"]
[Black "Franke, Heiko"]
[Result "1/2-1/2"]
[WhiteElo "2348"]
[BlackElo "2393"]
[PlyCount "58"]
[EventDate "2018.??.??"]
[EventType "tourn (corr)"]
[EventRounds "14"]
[EventCountry "GER"]
[SourceTitle "Corr 2020"]
[Source "ChessBase"]
[SourceDate "2019.09.30"]
[SourceVersion "1"]
[SourceVersionDate "2019.09.30"]
[SourceQuality "1"]

1. e4 c5 2. Nc3 Nc6 3. Nf3 e5 4. Bc4 Be7 5. d3 Nf6 6. Nd2 a6 7. a4 Nb4 8. Nf1 d5 9. exd5 Nfxd5 10. Nxd5 Nxd5 11. Qf3 Be6 12. Ne3 Nxe3 13. Bxe3 Bxc4 14. dxc4 0-0 15. 0-0 Qc7 16. Rad1 Rad8 17. b3 g6 18. g3 Rxd1 19. Rxd1 Rd8 20. Rxd8+ Bxd8 21. Qd5 Be7 22. Kf1 Kg7 23. Ke2 Bd6 24. g4 Qc6 25. Qd3 Be7 26. f3 f6 27. Bd2 Kf7 28. Bc3 Ke6 29. h3 Kf7 1/2-1/2

[Event "GER-ch48 final email"]
[Site "GER email"]
[Date "2018.09.24"]
[Round "?"]
[White "Hirr, Rudi"]
[Black "Franke, Heiko"]
[Result "1/2-1/2"]
[WhiteElo "2426"]
[BlackElo "2393"]
[PlyCount "63"]
[EventDate "2018.??.??"]
[EventType "tourn (corr)"]
[EventRounds "14"]
[EventCountry "GER"]
[SourceTitle "Corr 2020"]
[Source "ChessBase"]
[SourceDate "2019.09.30"]
[SourceVersion "1"]
[SourceVersionDate "2019.09.30"]
[SourceQuality "1"]

1. d4 d5 2. c4 c6 3. Nf3 Nf6 4. e3 e6 5. b3 Nbd7 6. Bb2 Bd6 7. Qc2 Ne4 8. Be2 0-0 9. 0-0 Qe7 10. Nbd2 Nxd2 11. Nxd2 f5 12. g3 Nf6 13. c5 Bc7 14. Nf3 Bd7 15. Ne5 Be8 16. Bd3 g5 17. f3 h5 18. Bc3 Rd8 19. b4 g4 20. f4 Ne4 21. Be1 Kg7 22. Qb2 Bxe5 23. dxe5 b6 24. cxb6 axb6 25. a4 c5 26. Bxe4 dxe4 27. bxc5 Qxc5 28. Qb3 Rd3 29. Qxe6 Bd7 30. Qa2 Bc6 31. e6 Rf6 32. a5 1/2-1/2

[Event "GER rap15 FSM/V05 email"]
[Site "GER email"]
[Date "2017.10.23"]
[Round "?"]
[White "Franke, Heiko"]
[Black "Schlosser, Ronny"]
[Result "1-0"]
[WhiteElo "2126"]
[BlackElo "1895"]
[PlyCount "129"]
[EventDate "2017.11.01"]
[EventType "tourn (corr)"]
[EventRounds "4"]
[EventCountry "GER"]
[SourceTitle "Corr 2020"]
[Source "ChessBase"]
[SourceDate "2019.09.30"]
[SourceVersion "1"]
[SourceVersionDate "2019.09.30"]
[SourceQuality "1"]

1. e4 c5 2. Nf3 d6 3. d4 cxd4 4. Nxd4 Nf6 5. Nc3 a6 6. Be3 e6 7. a3 Be7 8. Qe2 e5 9. Nf5 Bxf5 10. exf5 d5 11. f4 exf4 12. Bxf4 0-0 13. 0-0-0 Nc6 14. Qf3 d4 15. Bc4 Qb6 16. Nd5 Nxd5 17. Bxd5 Rac8 18. Kb1 Bf6 19. Rd3 Qc5 20. Rc1 Rcd8 21. Be4 Rfe8 22. g4 h6 23. Qh1 Na5 24. h4 Be5 25. Bd2 Nc4 26. Rd1 a5 27. Qf3 Nxd2+ 28. R3xd2 Bf6 29. g5 hxg5 30. hxg5 Bxg5 31. Rh2 Bf6 32. Bxb7 d3 33. cxd3 Be5 34. Rc2 Qd4 35. Ka2 Rd6 36. Qe4 Kf8 37. Rh1 Ke7 38. Re1 Qxe4 39. Rxe4 Kf6 40. Ra4 Rb8 41. Be4 Rb5 42. Rac4 Rdb6 43. d4 Bd6 44. Rc6 Kg5 45. Rc8 Rb8 46. R8c3 Kf6 47. Rg2 R5b6 48. Rc4 Rh8 49. Bb1 Rh4 50. Rgc2 Rf4 51. Rd2 Kg5 52. Rc8 Ra6 53. Kb3 a4+ 54. Ka2 Rh4 55. Rc4 Kf6 56. Bc2 Rf4 57. Rxa4 Rxa4 58. Bxa4 Rxf5 59. Kb3 g5 60. Kc4 Bb8 61. Bc6 g4 62. a4 Ke6 63. b4 Kd6 64. Bg2 Rh5 65. Re2 1-0

[Event "GER-ch49 V03 email"]
[Site "GER email"]
[Date "2017.04.03"]
[Round "?"]
[White "Fritsche, Frank"]
[Black "Franke, Heiko"]
[Result "1/2-1/2"]
[WhiteElo "2332"]
[BlackElo "2377"]
[PlyCount "48"]
[EventDate "2017.??.??"]
[EventType "tourn (corr)"]
[EventRounds "10"]
[EventCountry "GER"]
[SourceTitle "Corr 2020"]
[Source "ChessBase"]
[SourceDate "2019.09.30"]
[SourceVersion "1"]
[SourceVersionDate "2019.09.30"]
[SourceQuality "1"]

1. e4 c5 2. c3 Nf6 3. e5 Nd5 4. d4 cxd4 5. cxd4 d6 6. Nf3 Nc6 7. Bc4 Nb6 8. Bb5 Bd7 9. Nc3 dxe5 10. dxe5 g6 11. 0-0 Bg7 12. Qe2 0-0 13. Rd1 Qc7 14. a4 Nxe5 15. Bxd7 Nxf3+ 16. Qxf3 Nxd7 17. Nd5 Qe5 18. Bf4 Qxb2 19. Rab1 Qa2 20. Rxb7 Nc5 21. Nxe7+ Kh8 22. Rb5 Ne6 23. Be5 Qxa4 24. Bxg7+ Kxg7 1/2-1/2

[Event "GER-ch49 V03 email"]
[Site "GER email"]
[Date "2017.04.03"]
[Round "?"]
[White "Osterburg, Klaus Juergen"]
[Black "Franke, Heiko"]
[Result "1/2-1/2"]
[WhiteElo "2356"]
[BlackElo "2377"]
[PlyCount "56"]
[EventDate "2017.??.??"]
[EventType "tourn (corr)"]
[EventRounds "10"]
[EventCountry "GER"]
[SourceTitle "Corr 2020"]
[Source "ChessBase"]
[SourceDate "2019.09.30"]
[SourceVersion "1"]
[SourceVersionDate "2019.09.30"]
[SourceQuality "1"]

1. d4 Nf6 2. c4 e6 3. g3 d5 4. Nf3 Be7 5. Bg2 0-0 6. 0-0 dxc4 7. Qc2 a6 8. Qxc4 b5 9. Qc2 Bb7 10. Bd2 Bd6 11. Ng5 Bxg2 12. Kxg2 Nbd7 13. e4 e5 14. dxe5 Nxe5 15. f4 Nc4 16. b3 Nxd2 17. Nxd2 h6 18. Ngf3 Bb4 19. Rf2 Qe7 20. Re2 Rad8 21. Rc1 Qd7 22. Nb1 c5 23. a3 Ba5 24. Nc3 Qd3 25. Ne5 Qxc2 26. Rcxc2 Rd4 27. Kf3 Rc8 28. Re3 Rc7 1/2-1/2

[Event "GER-ch49 V03 email"]
[Site "GER email"]
[Date "2017.04.03"]
[Round "?"]
[White "Ries, Berthold"]
[Black "Franke, Heiko"]
[Result "1/2-1/2"]
[WhiteElo "2297"]
[BlackElo "2377"]
[PlyCount "44"]
[EventDate "2017.??.??"]
[EventType "tourn (corr)"]
[EventRounds "10"]
[EventCountry "GER"]
[SourceTitle "Corr 2017"]
[Source "ChessBase"]
[SourceDate "2017.09.19"]
[SourceVersion "1"]
[SourceVersionDate "2017.09.19"]
[SourceQuality "1"]

1. e4 c5 2. Nf3 Nc6 3. Bb5 g6 4. Bxc6 dxc6 5. d3 Bg7 6. 0-0 Nf6 7. h3 Nd7 8. Nc3 e5 9. Be3 Qe7 10. Qd2 Nf8 11. Rae1 Ne6 12. Ng5 Nxg5 13. Bxg5 f6 14. Be3 0-0 15. f4 exf4 16. Bxf4 Rf7 17. e5 fxe5 18. Bg5 Rxf1+ 19. Rxf1 Qc7 20. Ne4 Bf5 21. Nxc5 Rf8 22. b3 b6 1/2-1/2

[Event "GER-ch49 V03 email"]
[Site "GER email"]
[Date "2017.04.03"]
[Round "?"]
[White "Serner, Arpad"]
[Black "Franke, Heiko"]
[Result "1/2-1/2"]
[WhiteElo "2407"]
[BlackElo "2377"]
[PlyCount "93"]
[EventDate "2017.??.??"]
[EventType "tourn (corr)"]
[EventRounds "10"]
[EventCountry "GER"]
[SourceTitle "Corr 2020"]
[Source "ChessBase"]
[SourceDate "2019.09.30"]
[SourceVersion "1"]
[SourceVersionDate "2019.09.30"]
[SourceQuality "1"]

1. e4 c5 2. Nf3 Nc6 3. Bb5 g6 4. Bxc6 dxc6 5. d3 Bg7 6. h3 Nf6 7. Nc3 Nd7 8. Be3 e5 9. Qd2 Qe7 10. Bh6 f6 11. Bxg7 Qxg7 12. Qe3 Qe7 13. Nd2 Nf8 14. f4 Be6 15. fxe5 fxe5 16. b3 0-0-0 17. Qg3 Nd7 18. Nd1 Rdf8 19. Rf1 Rxf1+ 20. Kxf1 Qf7+ 21. Nf3 Qf4 22. Qf2 b6 23. Ne3 Nf6 24. Kg1 Rf8 25. Rf1 Nd7 26. Qe1 Qh6 27. Kf2 Qh4+ 28. Ke2 Qxe1+ 29. Rxe1 Kc7 30. Ng5 Bg8 31. Ng4 Kd6 32. a4 a6 33. Ra1 Ke7 34. Ke3 Kd6 35. a5 b5 36. Nh6 Nf6 37. g4 Be6 38. Rg1 Ke7 39. h4 Rb8 40. Nf3 Kd6 41. h5 Rb7 42. Ng5 Rg7 43. hxg6 hxg6 44. Rg2 Ke7 45. Nf3 Kd6 46. g5 Nd7 47. Nd2 1/2-1/2

[Event "GER rap14 FSM/V05 email"]
[Site "GER email"]
[Date "2017.03.22"]
[Round "?"]
[White "Franke, Heiko"]
[Black "Husemann, Andreas"]
[Result "1/2-1/2"]
[WhiteElo "2126"]
[BlackElo "1946"]
[PlyCount "67"]
[EventDate "2017.03.27"]
[EventType "tourn (corr)"]
[EventRounds "4"]
[EventCountry "GER"]
[SourceTitle "Corr 2020"]
[Source "ChessBase"]
[SourceDate "2019.09.30"]
[SourceVersion "1"]
[SourceVersionDate "2019.09.30"]
[SourceQuality "1"]

1. d4 Nf6 2. c4 g6 3. Nc3 d5 4. Bf4 Bg7 5. e3 c5 6. dxc5 Qa5 7. Rc1 dxc4 8. Bxc4 0-0 9. Nge2 Qxc5 10. Qb3 Nc6 11. Nb5 Qh5 12. Ng3 Qh4 13. Nc7 e5 14. Bxe5 Nxe5 15. Nxa8 b6 16. Nc7 Bb7 17. Bd5 Nxd5 18. Nxd5 Bxd5 19. Qxd5 Rd8 20. Qb5 Nd3+ 21. Ke2 Qf6 22. Rcf1 Nxb2 23. Rb1 Nd3 24. f3 Qe6 25. Qb3 Nf4+ 26. Kf1 Nd5 27. Kf2 Nc3 28. Qxe6 fxe6 29. Rb2 Nd1+ 30. Rxd1 Rxd1 31. Rc2 Kf8 32. Ne4 Ke7 33. Ke2 Rd5 34. Rc7+ 1/2-1/2

[Event "GER-ch46 final email"]
[Site "GER email"]
[Date "2016.09.26"]
[Round "?"]
[White "Franke, Heiko"]
[Black "Boos, Markus"]
[Result "1/2-1/2"]
[WhiteElo "2381"]
[BlackElo "2362"]
[PlyCount "45"]
[EventDate "2016.??.??"]
[EventType "tourn (corr)"]
[EventRounds "13"]
[EventCountry "GER"]
[SourceTitle "Corr 2017"]
[Source "ChessBase"]
[SourceDate "2017.09.19"]
[SourceVersion "1"]
[SourceVersionDate "2017.09.19"]
[SourceQuality "1"]

1. d4 d5 2. c4 c6 3. Nf3 Nf6 4. e3 e6 5. Bd3 Nbd7 6. b3 Bd6 7. Bb2 0-0 8. Nbd2 b6 9. 0-0 Bb7 10. Ne5 c5 11. cxd5 Bxd5 12. Qe2 cxd4 13. exd4 Bb7 14. Rac1 Nd5 15. g3 N7f6 16. a3 Qe7 17. Ndc4 Rfd8 18. b4 Qf8 19. Nxd6 Qxd6 20. Rc2 Rac8 21. Rfc1 Ne7 22. Rxc8 Rxc8 23. Rxc8+ 1/2-1/2

[Event "GER-ch46 final email"]
[Site "GER email"]
[Date "2016.09.26"]
[Round "?"]
[White "Franke, Heiko"]
[Black "Hartl, Hermann"]
[Result "1/2-1/2"]
[WhiteElo "2381"]
[BlackElo "2343"]
[PlyCount "45"]
[EventDate "2016.??.??"]
[EventType "tourn (corr)"]
[EventRounds "13"]
[EventCountry "GER"]
[SourceTitle "Corr 2017"]
[Source "ChessBase"]
[SourceDate "2017.09.19"]
[SourceVersion "1"]
[SourceVersionDate "2017.09.19"]
[SourceQuality "1"]

1. d4 d5 2. c4 c6 3. Nf3 Nf6 4. e3 e6 5. b3 Nbd7 6. Bb2 Bd6 7. Bd3 0-0 8. 0-0 b6 9. Nbd2 Bb7 10. Ne5 c5 11. cxd5 exd5 12. Rc1 Qe7 13. Nxd7 Nxd7 14. Re1 Rfe8 15. Qg4 g6 16. Nf3 h5 17. Qg5 Qxg5 18. Nxg5 Rac8 19. Bb5 Red8 20. Red1 Be7 21. Nf3 a6 22. Bf1 Bf6 23. g3 1/2-1/2